| 000 | 00549nam a2200157Ia 4500 | ||
|---|---|---|---|
| 008 | 100122s9999 xx 000 0 und d | ||
| 082 |
_b17535 _a129 |
||
| 100 | _aवैद्य श्री म | ||
| 245 | _aसाधुसंतांची देवयान पंथ | ||
| 250 | _a3 | ||
| 260 |
_bतुकाराम बुक डेपो _c1961 |
||
| 300 | _a193 | ||
| 630 | _aसाधुसंतांची देवयान पंथ | ||
| 730 | _aसाधुसंतांची देवयान पंथ | ||
| 942 | _cBOOK | ||
| 999 |
_c407206 _d407203 |
||